MESTSKÁ KNIŽNICA GIRALTOVCE  - online katalóg 

Ján Levoslav Bella (Record no. 15195)

000 -NÁVESTIE
fixed length control field 00515nam a2200169 a 4500
008 - ÚDAJE S PEVNOU DĹŽKOU – VŠEOBECNÉ INFORMÁCIE
fixed length control field 960906s1955 m yxo 0 slo c
040 ## - ZDROJ KATALOGIZÁCIE
Pôvodná katalogizujúca agentúra SNK
Jazyk katalogizácie slo
Prepisujúca agentúra SNK
Konvencie popisu AACR2
041 1# - KÓD JAZYKA
Kód jazyka textu/zvukovej stopy alebo samostatných nápisov slo
044 ## - KÓD KRAJINY VYDAVATEĽA/PRODUCENTA
Kód krajiny MARC xo
Kód krajiny ISO SK
020 ## - MEDZINÁRODNÉ ŠTANDARDNÉ ČÍSLO KNIHY (ISBN)
Údaje o dostupnosti 94
100 1# - OSOBNÉ MENÁ – VŠEOBECNÉ INFORMÁCIE
Osobné meno Zavarský, Ernest
Kód roly aut
245 10 - NÁZOV
Názov Ján Levoslav Bella
Zvyšok názvu Život a dielo (J.L.B. Leben und Werk
Údaj o zodpovednosti atď. Ernest Zavarsky
260 ## - VYDAVATEĽSKÉ ÚDAJE, DISTRIBÚCIA ATĎ.
Miesto publikovania, distribúcie atď. Bratislava
Názov vydavateľa, distibútora atď. Vydavateľstvo SAV
Dátum publikovania, distribúcie atď. 1955
300 ## - FYZICKÝ POPIS
Rozsah 497 s.
500 ## - VŠEOBECNÁ POZNÁMKA
Formátovaná poznámka o obsahu Rec.: Schlandt, Hermann. Südost-Forschungen. Bd. 16/1. S. 199-200
958 ## - Formálny deskriptor
Formálny deskriptor A
Holdings
Stav stiahnutia (Blokovanie) (Withrawn status) Stav straty Stav poškodenia (Damaged status) Nie pre výpožičky (Not for loan) Spôsob nadobudnutia (Collection code) Trvalé umiestnenie Aktuálne umiestnenie Dátum nadobudnutia Náklady, bežná kúpna cena Inventárne číslo (prírastkové číslo) Full call number Dátum posledného výskytu Cena s účinnosťou od Typ jednotky Koha
        Kúpa Mestská knižnica Giraltovce Mestská knižnica Giraltovce 2019-11-29 96.00 14231 I 0291 2019-11-29 2019-11-29 Odborná literatúra pre dospelých

Powered by Koha